00446nam a2200145Ia 4500003000400000008004100004040001600045082001600061100002400077245005900101700003600160260005700196300001000253650003700263GCL140319s9999 xx 000 0 eng d aGCL / cGCL04a748.46bC P1 aCAROSELLI, SUSAN L.10aTHE PAINTED ENAMELS OF LIMOGES / cCAROSELLI, SUSAN L.1 aLOS ANGELES COUNTY MUSUM OF ART a[S.N] : bLOS ANGELES COUNTY MUSEUM OF ART ، c1993 a216 P04aLOS ANGELES COUNTY MUSEUM OF ART